00627nam a22001457a 4500008004100000020001500041050001900056245005300075250000900128260003500137300002200172505024800194650002100442700001800463131213b xxu||||| |||| 00| 0 eng d a0072847174 aQA76.9.C66 P18 aComputers in society /bedited bycPaul De Palma a11th aGuilford:bMcGraw Hill,c2004. axvi, 223p.c27cm. aContents: Introduction -- The Economy -- Work and the workplace -- Computers, people, and social participation -- Societal institutions: law and politics -- Risk and security -- International perspectives and issues -- Philosophical frontiers. aComputer science aDe Palma Paul